000 00569nam a2200253Ia 4500
003 OSt
005 20220912152141.0
006 a|||||r|||| 00| 0
007 ta
008 220909b |||||||| |||| 00| 0 eng d
024 _a58207
037 _cTextual
040 _aCSL
_beng
_cCSL
041 _aeng
082 _aL32:4:6, J8
100 _aLevine S A
245 0 _aClinical heart disease
250 _a5
260 _c1958
300 _ap.
_ccm.
650 _aHeart
942 _hL32:4:6, J8
_cTEXL
_2CC
999 _c81779
_d81779